El punto de partida de Ricardito / (Registro nro. 8165)

Detalles MARC
000 -LEADER
fixed length control field 00786nam a2200253 a 4500
001 - CONTROL NUMBER
control field 000004490
003 - CONTROL NUMBER IDENTIFIER
control field DO-SdBNP
005 - DATE AND TIME OF LATEST TRANSACTION
control field 20220824091047.0
007 - PHYSICAL DESCRIPTION FIXED FIELD--GENERAL INFORMATION
fixed length control field 000004490
008 - FIXED-LENGTH DATA ELEMENTS--GENERAL INFORMATION
fixed length control field 090723s2006 dr 000 f spa d
020 ## - INTERNATIONAL STANDARD BOOK NUMBER
International Standard Book Number 9945160613
040 ## - CATALOGING SOURCE
Original cataloging agency BPMSU
-- spa
Transcribing agency BPMSU
082 #4 - DEWEY DECIMAL CLASSIFICATION NUMBER
Classification number RD863.44
Item number C352p 2006
Edition number 22
100 0# - MAIN ENTRY--PERSONAL NAME
Personal name Castillo Drullard, Pedro Héctor
245 13 - TITLE STATEMENT
Title El punto de partida de Ricardito /
Statement of responsibility, etc. Pedro Héctor Castillo Drullard ; prólogo José Nicolás Almánzar.
250 ## - EDITION STATEMENT
Edition statement 2a ed.
260 ## - PUBLICATION, DISTRIBUTION, ETC. (IMPRINT)
Place of publication, distribution, etc. Santo Domingo :
Name of publisher, distributor, etc. Búho,
Date of publication, distribution, etc. 2006.
300 ## - PHYSICAL DESCRIPTION
Extent 181 p. :
Other physical details il. ;
Dimensions 22 cm.
650 #4 - SUBJECT ADDED ENTRY--TOPICAL TERM
Topical term or geographic name as entry element Novela dominicana
650 #4 - SUBJECT ADDED ENTRY--TOPICAL TERM
Topical term or geographic name as entry element Literatura dominicana
700 1# - ADDED ENTRY--PERSONAL NAME
Personal name Almánzar, José Nicolás,
Relator term pról.
910 ## - USER-OPTION DATA (OCLC)
User-option data VMateo V./Validado. Control de calidad
942 ## - ADDED ENTRY ELEMENTS (KOHA)
Source of classification or shelving scheme Dewey Decimal Classification
Koha item type Libros
Existencias
Withdrawn status Lost status Source of classification or shelving scheme Damaged status Not for loan Collection code Home library Current library Date acquired Source of acquisition Full call number Barcode Date last seen Price effective from Koha item type Total Checkouts Copy number
    Dewey Decimal Classification     Colección Dominicana Biblioteca Pública Metropolitana Salomé Ureña Biblioteca Pública Metropolitana Salomé Ureña 01/11/2017 FUNDI BPMSU CD RD863.44 C352p 2006 BPMSU17010001 01/11/2017 01/11/2017 Libros    
    Dewey Decimal Classification     Colección Dominicana Biblioteca Pública Metropolitana Salomé Ureña Biblioteca Pública Metropolitana Salomé Ureña 01/11/2017 FUNDI BPMSU CD RD863.44 C352p 2006 BPMSU22080028 08/24/2022 01/11/2017 Libros   e.2
    Dewey Decimal Classification     Colección Dominicana Biblioteca Pública Metropolitana Salomé Ureña Biblioteca Pública Metropolitana Salomé Ureña 01/11/2017 FUNDI BPMSU CD RD863.44 C352p 2006 BPMSU22080029 08/24/2022 01/11/2017 Libros   e.3